LEADER 02605nam a2200349 a 4500 001 000000117146 003 CaOOAMICUS 005 20090930102546.0 008 090928s1568 be u001 u lat r 026 $ao.e- usus$br:o- bopt (C)$c1568 (A) 040 $aPUL$bita$dila 100 0 $aUsuardus,$cO.S.B.,$dm. 877.$0(OLS)http://pul/name/20404 245 10$aUsuardi Martyrologium, quo Romana Ecclesia ac permultae aliae utuntur: iussu Caroli Magni conscriptum ex martyrologis Eusebij, Hieronymi, Bedae, et Flori, ac aliunde :$bCum additionibus ex martyr. Rom. Ecclesiae, et aliarum, potissimum Germaniae inferioris: et metrico martyrologio Wandelberti Prumiensis. Et annotationibus ... /$copera Ioannis Molani Lovaniensis . 246 30$aMartyrologium, quo Romana Ecclesia ac permultae aliae utuntur: iussu Caroli Magni conscriptum ex martyrologis Eusebij, Hieronymi, Bedae, et Flori, ac aliunde ... 260 $aLovanii :$bapud Hieronymum Wellaeum,$c1568. 300 $a[272] c. ;$c8° (15, 5 cm.) 500 $aSegnatura: A-Z8 Aa-Ll8 500 $aIniziali e fregi xil. 500 $aMarca sui front. 500 $aSegue con proprio front., alla c. Ff2r "Calendarius ecclesiasticus generalis Radulphi de Riuo Tungrensis Decani. Censura de quibusdam sanctorum historiis, authore Ioanne Hessels a Louanio ..." 630 04$aMartyrologium$d1568.$0(OLS)http://pul/subject/35720 662 $aBelgio$dLovanio.$0(OLS)http://pul/subject/35169 700 1 $aMolanus, Jan,$d1533-1585.$0(OLS)http://pul/name/72988 700 1 $aHesseles, Jean,$d1522-1566$tCalendarius ecclesiasticus generalis ...$0(OLS)http://pul/name/73007 710 0 $aWelleus, Hieronymus$4pbl.$0(OLS)http://pul/name/73005 850 $aPUL 852 $aPUL$W1$xDP1 Antico 500$y12$m108 D 34$j134391$qStampati Antico$B133370$CPULBib$Z2$F133370 $82 856 0$uhttp://aquabrowser.pul.it/cinquecentine/108D34-1.jpg 961 $aPostille mss. sul front. 996 $6245$aUsuardi Martyrologium, quo Romana Ecclesia ac permultae aliae utuntur: iussu Caroli Magni conscriptum ex martyrologis Eusebij, Hieronymi, Bedae, et Flori, ac aliunde :$bCum additionibus ex martyr. Rom. Ecclesiae, et aliarum, potissimum Germaniae inferioris: et metrico martyrologio Wandelberti Prumiensis. Et annotationibus ...$9(OLS)http://pul/title/147408 996 $6246$aMartyrologium, quo Romana Ecclesia ac permultae aliae utuntur: iussu Caroli Magni conscriptum ex martyrologis Eusebij, Hieronymi, Bedae, et Flori, ac aliunde ...$9(OLS)http://pul/title/147414 996 $6260$aLovanii :$bapud Hieronymum Wellaeum$9(OLS)http://pul/publisher/64907 LEADER 02191nam a2200421 a 4500 001 000000173137 003 CaOOAMICUS 005 20200217115656.0 008 200131s1583 it u001 u lat r 026 $ao-e- umem$bu-em nato (3)$c1583 (R) 032 $aLibriCat 040 $aPUL$bita$d 041 0 $alatgrc 100 0 $aArnobius,$dm. c. 327.$0(OLS)http://pul/name/1715 240 10$aAdversus nationes.$0(OLS)http://pul/title/161404 245 00$aArnobii Disputationum adversus gentes libri septem :$bM. Minucii Felicis Octavius. 250 $aRomana editio posterior et emendatior. 260 $aRomae :$bex typographia Dominici Basae,$c1583$e(Romae :$fExcudebat Franciscus Zannettus,$g1583) 300 $a[8] c., 255 p., [21] p. ;$c4° (19 cm). 500 $aSegnatura: a8 A-Q8 R4 S6 500 $aCapilettera. 500 $aStemma di Gregorio XIII sul front. 500 $aRegistro sul colop. 500 $aCorsivo. 546 $aPresenza di parti del testo in greco. 662 $aItalia$dRoma.$0(OLS)http://pul/subject/34878 700 1 $aMinucius Felix, Marcus,$dc. 150-250.$tOctavius.$0(OLS)http://pul/nameTitle/1952$0(OLS)http://pul/name/4009$0(OLS)http://pul/title/118424 710 0 $aZanetti, Francesco,$d1530c.-1591.$0(OLS)http://pul/name/70808 710 0 $aBasa, Domenico$4pbl.$0(OLS)http://pul/name/70540 850 $aPUL 852 $aPUL$W1$xDP1 Antico 500$y12$m527 F 20$j197111$qStampati Antico$B201900$CPULBib$Z2$F201900 $82 900 $aMinucio Felice, Marco,$dc. 150-250$94009 900 $aArnobio di Sicca,$dm. c. 327$91715 941 1 $a15 961 $aAutore e titolo dell'opera abbreviato sul dorso. Legatura in pelle chiara. Precedenti collocazioni: sul dorso targhetta in parte leggibile "36" e sul verso della coperta ms.:"H VIII 36". Precedente appartenenza: Collegio Germanico-Bibl. Sup. Timbro: Pontificio Seminario Romano. Tagli spruzzati di rosso e verde. 996 $6245$aArnobii Disputationum adversus gentes libri septem :$bM. Minucii Felicis Octavius.$9(OLS)http://pul/title/214197 996 $6260$aRomae :$bex typographia Dominici Basae$9(OLS)http://pul/publisher/80426